Normal view
MARC view
- Murphy, Alexander B.
Entry Personal Name
001 - CONTROL NUMBER
- control field: 37556
003 - CONTROL NUMBER IDENTIFIER
- control field: NUST
005 - DATE AND TIME OF LATEST TRANSACTION
- control field: 20210314130317.0
008 - FIXED-LENGTH DATA ELEMENTS
- fixed length control field: 210314|| aca||aabn | a|a d
040 ## - CATALOGING SOURCE
- Original cataloging agency: NUST
- Transcribing agency: NUST
100 ## - HEADING--PERSONAL NAME
- Personal name: Murphy, Alexander B.
670 ## - SOURCE DATA FOUND
- Source citation: Work cat.: (NUST): De Blij, Harm J. 9997, Human geography :, c2003.
